Online
Catalog

El vestido de lana / (Record no. 23467)

MARC details
000 -CABECERA
campo de control de longitud fija 00607nam a2200193 a 4500
001 - NÚMERO DE CONTROL
campo de control 000023972
005 - FECHA Y HORA DE LA ÚLTIMA TRANSACCIÓN
campo de control 20200930022618.0
008 - DATOS DE LONGITUD FIJA--INFORMACIÓN GENERAL
campo de control de longitud fija 110117s1945 ag r 000 f spa d
040 ## - FUENTE DE LA CATALOGACIÓN
Centro catalogador/agencia de origen DO-SdBNP
Lengua de catalogación spa
Centro/agencia transcriptor BNPHU
082 ## - NÚMERO DE LA CLASIFICACIÓN DECIMAL DEWEY
Número de clasificación nnnn
Número de documento/Ítem B727v
049 ## - FONDOS LOCALES (OCLC)
Fondos de biblioteca BNGR
100 1# - ENTRADA PRINCIPAL--NOMBRE DE PERSONA
Nombre de persona Bordeaux, Henry,
9 (RLIN) 49309
245 13 - MENCIÓN DE TÍTULO
Título El vestido de lana /
Mención de responsabilidad, etc. Henry Bordeaux ; traducción de Enrique G. Hurtado y Arias.
260 ## - PUBLICACIÓN, DISTRIBUCIÓN, ETC.
Lugar de publicación, distribución, etc. Buenos Aires :
Nombre del editor, distribuidor, etc. Glem,
Fecha de publicación, distribución, etc. 1945.
300 ## - DESCRIPCIÓN FÍSICA
Extensión 220 p. ;
Dimensiones 19 cm.
490 1# - MENCIÓN DE SERIE
Mención de serie Biblioteca Corazón
Designación de volumen o secuencia 66
700 1# - PUNTO DE ACCESO ADICIONAL--NOMBRE DE PERSONA
Nombre de persona Hurtado y Arias, Enrique G.,
Término indicativo de función/relación tr.
9 (RLIN) 49310
830 #0 - PUNTO DE ACCESO ADICIONAL DE SERIE-TÍTULO UNIFORME
Título uniforme Biblioteca Corazón ;
Designación de volumen o secuencia 66
9 (RLIN) 49311
Holdings
Estado de retiro Estado de pérdida Restricciones de uso No para préstamo Código de colección Localización permanente Ubicación/localización actual Ubicación en estantería Fecha de adquisición Número de inventario Total de préstamos Signatura topográfica completa Código de barras Fecha visto por última vez Precio válido a partir de Tipo de ítem Koha
    Préstamo interno   Monografías: Libros y Folletos General General En catalogación 17.01.2011 LF1   nnnn B727v 23972-10 25.06.2020 25.06.2020 Préstamo interno

Powered by Koha